000 00965nac a22002891i 4500
003 EG-ScBUE
005 20250813090211.0
008 250805t2007 gw a f bd 001 0 eng d
020 _a9783540359883
040 _aEG-ScBUE
_beng
_erda
_cEG-ScBUE
_dEG-ScBUE
082 0 4 _a545.8
_bDAN
_222
100 1 _aDanzer, Klaus,
_eauthor.
245 1 0 _aAnalytical chemistry :
_btheoretical and metrological fundamentals /
_cK. Danzer.
264 1 _aBerlin :
_bSpringer,
_c[2007]
264 4 _cc2007
300 _axxxi, 315 pages :
_billustrations ;
_c28 cm
336 _2rdacontent
_atext
_btxt
337 _aunmediated
_2rdamedia
_bn
338 _avolume
_bnc
_2rdacarrier
500 _aWith 138 figures and 31 tables.
500 _aIncludes glossary.
504 _aIncludes bibliographical references and index.
650 7 _aAnalytical chemistry.
_2BUEsh
650 7 _aAnalytical chemistry
_xMathematical models.
_2BUEsh
655 _vReading book
942 _cBB
_2ddc
999 _c7945
_d7945